National Anthem of Montenegro - Oj, svijetla majska zoro - Statistics

General Stats
  • This quiz has been taken 2 times
  • The average score is 43 of 115
Answer Stats
Lyrics % Correct
majska
100%
Oj
100%
svijetla
100%
zoro
100%
brda
50%
Crna
50%
čuvari
50%
dva
50%
Goro
50%
I
50%
Majko
50%
mora
50%
naša
50%
Naša
50%
poštenja
50%
Sinovi
50%
smo
50%
stijenja
50%
tvog
50%
tvrda,
50%
u
50%
Uskačući
50%
Volimo
50%
Biće
0%
biće
0%
će
0%
Da
0%
daje
0%
Dok
0%
Domovina
0%
Glas
0%
Gora!
0%
gorda,
0%
je
0%
klance
0%
Koji
0%
krila
0%
lance
0%
lovćenskoj
0%
mila
0%
misli
0%
naših
0%
našoj
0%
ne
0%
nikad
0%
nositi
0%
okeanu
0%
poznaše
0%
Rijeka
0%
ropstva
0%
slavna
0%
sloga
0%
Sramotnoga
0%
stravične
0%
vala
0%
vas,
0%
vaše
0%
vječna
0%
No matching quizzes found
Score Distribution
Percent of People with Each Score
Percentile by Number Answered
Your Score History
You have not taken this quiz